[Event "Charlotte Spring GMA 2024"]
[Site "Charlotte"]
[Date "2024.03.29"]
[Round "4"]
[White "Gauri, Shankar"]
[Black "Tsay, Vincent"]
[Result "1/2-1/2"]
[WhiteElo "2345"]
[BlackElo "2337"]
[PlyCount "34"]
[EventDate "2024.03.27"]
[EventType "tourn"]
[EventRounds "9"]
[EventCountry "USA"]
[EventCategory "6"]
[SourceTitle "CB14_2024"]
[SourceDate "2024.04.01"]
[SourceVersion "1"]
[SourceVersionDate "2024.04.01"]
[SourceQuality "1"]

1. d4 d5 2. c4 e6 3. Nf3 Nf6 4. g3 Be7 5. Bg2 0-0 6. 0-0 dxc4 7. Qc2 a6 8. a4 Bd7 9. Ne5 Nc6 10. Qxc4 Nxe5 11. dxe5 Nd5 12. Nc3 c6 13. Rd1 a5 14. Qg4 Qc7 15. Bg5 Bxg5 16. Qxg5 h6 17. Qh5 Be8 1/2-1/2

[Event "World op 51st"]
[Site "Philadelphia"]
[Date "2023.07.02"]
[Round "5"]
[White "Andriasian, Zaven"]
[Black "Tsay, Vincent"]
[Result "1-0"]
[WhiteElo "2579"]
[BlackElo "2366"]
[PlyCount "73"]
[EventDate "2023.06.30"]
[EventType "swiss"]
[EventRounds "9"]
[EventCountry "USA"]
[SourceTitle "CBM 215 Extra"]
[Source "ChessBase"]
[SourceDate "2023.09.30"]
[SourceVersion "1"]
[SourceVersionDate "2023.09.30"]
[SourceQuality "1"]

1. e4 e6 2. d4 d5 3. Nc3 Bb4 4. e5 c5 5. a3 Ba5 6. b4 cxd4 7. Qg4 Kf8 8. Nb5 Bb6 9. Nf3 Nc6 10. Bb2 Nge7 11. Nbxd4 h5 12. Qf4 Ng6 13. Nxc6 bxc6 14. Qg3 h4 15. Qg4 h3 16. g3 a5 17. Bxh3 axb4 18. axb4 Rxa1+ 19. Bxa1 Ba6 20. Bf1 Qa8 21. Bd4 Bc7 22. Bd3 Bxd3 23. cxd3 Qb8 24. 0-0 Nxe5 25. Bxe5 Bxe5 26. Rc1 g6 27. Rxc6 Kg7 28. Ng5 Qa8 29. Nxf7 Qxc6 30. Nxe5 Qe8 31. b5 Rh5 32. b6 Kh7 33. d4 Rf5 34. b7 Rf8 35. b8Q Qxb8 36. Qxg6+ Kh8 37. Nd7 1-0

[Event "New York Winter GM-B"]
[Site "New York"]
[Date "2023.01.13"]
[Round "3"]
[White "Tsay, Vincent"]
[Black "Aarav, Dengla"]
[Result "1-0"]
[WhiteElo "2320"]
[BlackElo "2377"]
[PlyCount "63"]
[EventDate "2023.01.12"]
[EventType "tourn"]
[EventRounds "9"]
[EventCountry "USA"]
[EventCategory "6"]
[SourceTitle "CBM 212 Extra"]
[Source "ChessBase"]
[SourceDate "2023.03.31"]
[SourceVersion "1"]
[SourceVersionDate "2023.03.31"]
[SourceQuality "1"]

1. d4 d5 2. c4 dxc4 3. Nf3 Nf6 4. e3 e6 5. Bxc4 a6 6. 0-0 b5 7. Bd3 Bb7 8. Qe2 Nbd7 9. a4 b4 10. e4 Be7 11. Nbd2 c5 12. e5 Nd5 13. Nc4 cxd4 14. Nxd4 Nc5 15. Bc2 Nb6 16. Nxb6 Qxb6 17. Be3 Qc7 18. f4 Bd5 19. Rac1 Qb7 20. f5 g6 21. fxe6 Nxe6 22. Nxe6 Bxe6 23. Bh6 b3 24. Be4 Bd5 25. Bxd5 Qxd5 26. Bg7 Rg8 27. Bf6 Qe6 28. Qf3 Rd8 29. Qb7 Qd7 30. Rc7 Qd4+ 31. Kh1 Bxf6 32. Qc6+ 1-0

[Event "World op 50th"]
[Site "Philadelphia"]
[Date "2022.06.30"]
[Round "1"]
[White "Harriott, Tyrell"]
[Black "Tsay, Vincent"]
[Result "0-1"]
[WhiteElo "1918"]
[BlackElo "2318"]
[PlyCount "72"]
[EventDate "2022.06.30"]
[EventType "swiss"]
[EventRounds "9"]
[EventCountry "USA"]
[SourceTitle "CBM 209 Extra"]
[Source "ChessBase"]
[SourceDate "2022.09.30"]
[SourceVersion "1"]
[SourceVersionDate "2022.09.30"]
[SourceQuality "1"]

1. d4 d5 2. e3 Nf6 3. Bd3 c5 4. c3 Nc6 5. f4 Bg4 6. Ne2 e6 7. Nd2 Qc7 8. 0-0 cxd4 9. exd4 Bd6 10. Nf3 Bxf3 11. gxf3 g6 12. Be3 h5 13. Kh1 h4 14. Rg1 Nh5 15. Rg4 0-0-0 16. Qd2 Ng7 17. b4 Kb8 18. a4 Ne7 19. a5 Nef5 20. b5 Qe7 21. Bg1 Nh5 22. Rb1 Qf6 23. b6 a6 24. Bxa6 bxa6 25. b7 Bc7 26. Qd3 Rd6 27. c4 Ne7 28. cxd5 Nxd5 29. Nc3 Ndxf4 30. Qc4 Ng3+ 31. Rxg3 hxg3 32. Rb2 Qg5 33. Rg2 Nxg2 34. d5 Ne3 35. Bxe3 Rxh2+ 36. Kg1 Qxe3+ 0-1

[Event "Continental op 51st"]
[Site "Sturbridge"]
[Date "2021.08.12"]
[Round "2"]
[White "Tsay, Vincent"]
[Black "Paragua, Mark"]
[Result "0-1"]
[WhiteElo "2315"]
[BlackElo "2477"]
[PlyCount "84"]
[EventDate "2021.08.12"]
[EventType "swiss"]
[EventRounds "9"]
[EventCountry "USA"]
[SourceTitle "CBM 203 Extra"]
[Source "ChessBase"]
[SourceDate "2021.09.30"]
[SourceVersion "1"]
[SourceVersionDate "2021.09.30"]
[SourceQuality "1"]

1. d4 Nf6 2. Nf3 g6 3. g3 Bg7 4. Bg2 0-0 5. 0-0 d6 6. a4 a5 7. Re1 Nc6 8. d5 Nb4 9. e4 e5 10. Na3 Na6 11. c3 Nc5 12. Qc2 Bd7 13. Nc4 c6 14. Nxd6 cxd5 15. Nxe5 Bxa4 16. Rxa4 Qxd6 17. Bf4 Nxa4 18. Qxa4 Nh5 19. Nxf7 Qf6 20. Ne5 Nxf4 21. gxf4 Qxf4 22. Nd3 Qd2 23. Rd1 Qe2 24. exd5 b5 25. Qa1 b4 26. c4 a4 27. d6 Rad8 28. Qxa4 Rxd6 29. Qb3 Rd4 30. c5+ Kh8 31. h3 Rfd8 32. Bf1 Qf3 33. Bg2 Qf5 34. Bf1 Be5 35. Re1 Rxd3 36. Bxd3 Rxd3 37. Qxb4 Rxh3 38. c6 Rh1+ 39. Kxh1 Qh3+ 40. Kg1 Bh2+ 41. Kh1 Bg3+ 42. Kg1 Qh2+ 0-1

[Event "Philadelphia int op 14th"]
[Site "Philadelphia"]
[Date "2021.06.28"]
[Round "6"]
[White "Paragua, Mark"]
[Black "Tsay, Vincent"]
[Result "0-1"]
[WhiteElo "2529"]
[BlackElo "2285"]
[PlyCount "105"]
[EventDate "2021.06.26"]
[EventType "swiss"]
[EventRounds "9"]
[EventCountry "USA"]
[SourceTitle "CBM 203 Extra"]
[Source "ChessBase"]
[SourceDate "2021.09.30"]
[SourceVersion "1"]
[SourceVersionDate "2021.09.30"]
[SourceQuality "1"]

1. d4 d5 2. c4 e6 3. Nc3 c6 4. e3 Nf6 5. Nf3 Nbd7 6. Be2 dxc4 7. a4 Bd6 8. Nd2 0-0 9. Nxc4 Bc7 10. b3 Re8 11. Ba3 Nb6 12. 0-0 Nbd5 13. Qc2 a5 14. Ne5 Nb4 15. Bxb4 axb4 16. Na2 Nd5 17. Rfd1 Qe7 18. Rac1 Bd7 19. e4 Nf4 20. Bf1 Red8 21. Qd2 Ng6 22. Nxg6 hxg6 23. Qxb4 Bd6 24. Qe1 e5 25. d5 cxd5 26. Nc3 d4 27. Nd5 Qf8 28. Bc4 Bc6 29. Qe2 Rac8 30. h4 Bxd5 31. Bxd5 Rxc1 32. Rxc1 Rc8 33. Rc4 Rxc4 34. Qxc4 b6 35. Qc6 Qd8 36. Bc4 Qc7 37. Qd5 Qe7 38. g3 Bc5 39. Kg2 Bd6 40. Kf1 Bc5 41. Ke2 Qf6 42. f3 Qe7 43. Kf1 Qf6 44. Kg2 Qe7 45. g4 d3 46. g5 Bd4 47. Kf1 b5 48. Qa8+ Kh7 49. axb5 Qd7 50. Bxd3 Qh3+ 51. Ke1 Qg3+ 52. Kd2 Qf2+ 53. Kd1 0-1

[Event "Charlotte CCCSA Memorial Day IM"]
[Site "Charlotte"]
[Date "2021.05.30"]
[Round "7"]
[White "Myers, Dominique"]
[Black "Tsay, Vincent"]
[Result "1/2-1/2"]
[WhiteElo "1985"]
[BlackElo "2285"]
[PlyCount "80"]
[EventDate "2021.05.27"]
[EventType "tourn"]
[EventRounds "9"]
[EventCountry "USA"]
[SourceTitle "CBM 203 Extra"]
[Source "ChessBase"]
[SourceDate "2021.09.30"]
[SourceVersion "1"]
[SourceVersionDate "2021.09.30"]
[SourceQuality "1"]

1. e4 e6 2. d4 d5 3. Nc3 Bb4 4. exd5 exd5 5. Bd3 Ne7 6. Qf3 Nbc6 7. Nge2 Be6 8. a3 Bxc3+ 9. bxc3 Qd7 10. 0-0 Bf5 11. Ng3 Bxd3 12. cxd3 0-0 13. h4 Nd8 14. Ra2 f6 15. Re2 Nf7 16. Rfe1 Rae8 17. Nh5 Ng6 18. Qxf6 Nd6 19. Rxe8 Rxe8 20. Rxe8+ Nxe8 21. Qg5 c6 22. Nf4 Nxf4 23. Bxf4 Nf6 24. Be5 Kf7 25. h5 Qe6 26. h6 g6 27. f4 Qf5 28. Qxf6+ Qxf6 29. Bxf6 Kxf6 30. g4 g5 31. f5 b6 32. Kf2 a5 33. Ke3 Ke7 34. a4 Kf6 35. c4 Ke7 36. Kd2 Kf7 37. Kc3 Ke7 38. c5 bxc5 39. dxc5 Kf7 40. Kd4 Kf6 1/2-1/2

[Event "US Chess/ICC Rapids"]
[Site "ICC INT"]
[Date "2021.02.07"]
[Round "5"]
[White "Yan, Rui Yang"]
[Black "Tsay, Vincent"]
[Result "0-1"]
[WhiteElo "2093"]
[BlackElo "2285"]
[PlyCount "112"]
[EventDate "2021.02.07"]
[EventType "swiss (rapid)"]
[EventRounds "6"]
[EventCountry "USA"]
[SourceTitle "EXT 2022"]
[Source "ChessBase"]
[SourceDate "2021.10.06"]
[SourceVersion "1"]
[SourceVersionDate "2021.10.06"]
[SourceQuality "1"]

1. e4 e6 2. d4 d5 3. Nc3 Bb4 4. e5 c5 5. a3 Ba5 6. b4 cxd4 7. Nb5 Bc7 8. f4 Bd7 9. Nxd4 Ba4 10. Ngf3 Nc6 11. Be3 Nh6 12. h3 Nxd4 13. Bxd4 Nf5 14. Bf2 Bb6 15. Qd2 Bxf2+ 16. Qxf2 Qc7 17. Qd2 Ng3 18. Rg1 0-0 19. Bd3 Ne4 20. Bxe4 dxe4 21. Nd4 Rac8 22. Rc1 Rfd8 23. c3 Qb6 24. Kf2 Bb5 25. Rge1 Bd3 26. Qe3 Qa6 27. g4 Qxa3 28. f5 Rxc3 29. f6 Qb2+ 30. Kg1 Rxc1 31. Rxc1 h6 32. Nxe6 fxe6 33. Rc7 Qd4 34. Rxg7+ Kf8 35. Kf2 Qxe3+ 36. Kxe3 Rd5 37. Rxb7 Rxe5 38. Rxa7 Rg5 39. Kf4 Rb5 40. h4 e5+ 41. Ke3 Rxb4 42. Kd2 Rb2+ 43. Kc3 Rg2 44. Rh7 Rxg4 45. Rxh6 Kf7 46. Kd2 Rf4 47. Ke3 Rf3+ 48. Kd2 Rxf6 49. Rh5 Ke6 50. Rg5 Kd5 51. Kc3 Be2 52. Kd2 Bf3 53. Ke3 Ra6 54. h5 Ra3+ 55. Kf2 Ra2+ 56. Ke1 Rh2 0-1

[Event "Charlotte CCCSA Holiday IM"]
[Site "Charlotte"]
[Date "2020.12.29"]
[Round "6"]
[White "Tsay, Vincent"]
[Black "Li, Eric"]
[Result "1/2-1/2"]
[WhiteElo "2270"]
[BlackElo "2311"]
[PlyCount "90"]
[EventDate "2020.12.26"]
[EventType "tourn"]
[EventRounds "9"]
[EventCountry "USA"]
[EventCategory "3"]
[SourceTitle "CBM 200 Extra"]
[Source "ChessBase"]
[SourceDate "2021.03.31"]
[SourceVersion "1"]
[SourceVersionDate "2021.03.31"]
[SourceQuality "1"]

1. d4 Nf6 2. Nf3 d5 3. c4 e6 4. g3 Bb4+ 5. Nbd2 0-0 6. Bg2 b6 7. 0-0 Bb7 8. a3 Be7 9. Qc2 Nbd7 10. Ne5 c5 11. cxd5 exd5 12. Nxd7 Qxd7 13. dxc5 bxc5 14. Rd1 Rfd8 15. Nb3 Rac8 16. Bd2 Qa4 17. Rac1 Ba6 18. Bf1 h6 19. Be1 Qd7 20. Bg2 Qe6 21. Ba5 Re8 22. Re1 d4 23. Bf3 Nd7 24. Be4 g6 25. Nd2 Bg5 26. f4 Be7 27. b3 Nf6 28. Bf3 h5 29. Nc4 Ng4 30. Bd2 Bf8 31. e4 dxe3 32. Nxe3 Nxe3 33. Bxe3 Qb6 34. Bf2 Rxe1+ 35. Rxe1 Bb7 36. Bxb7 Qxb7 37. f5 Qc6 38. fxg6 Qxg6 39. Qxg6+ fxg6 40. Re6 Kf7 41. Ra6 Rc7 42. h4 Be7 43. Kg2 Rb7 44. b4 cxb4 45. axb4 Bxb4 1/2-1/2

[Event "Charlotte CCCSA Summer IM"]
[Site "Charlotte"]
[Date "2020.08.21"]
[Round "5"]
[White "Martin Del Campo C, Roberto Abel"]
[Black "Tsay, Vincent"]
[Result "1/2-1/2"]
[WhiteElo "2314"]
[BlackElo "2310"]
[PlyCount "57"]
[EventDate "2020.08.19"]
[EventType "tourn"]
[EventRounds "9"]
[EventCountry "USA"]
[EventCategory "4"]
[SourceTitle "CBM 197 Extra"]
[Source "ChessBase"]
[SourceDate "2020.09.30"]
[SourceVersion "1"]
[SourceVersionDate "2020.09.30"]
[SourceQuality "1"]

1. e4 e6 2. d4 d5 3. e5 c5 4. c3 Bd7 5. Nf3 Qb6 6. Bd3 cxd4 7. cxd4 Nc6 8. 0-0 Nxd4 9. Nxd4 Qxd4 10. Qe2 Ne7 11. Nc3 Nc6 12. Be3 Qxe5 13. f4 Qb8 14. Nxd5 Qd8 15. Nc3 Be7 16. Rad1 Qa5 17. a3 Rd8 18. Nb5 0-0 19. b4 Qa4 20. Bc1 Bf6 21. Kh1 a6 22. Nd6 Nd4 23. Qf2 Bc6 24. Nc4 Bb5 25. Bb2 Qb3 26. Na5 Qd5 27. Bxb5 axb5 28. Nxb7 Qxb7 29. Bxd4 1/2-1/2

[Event "Charlotte CCCSA Summer IM"]
[Site "Charlotte"]
[Date "2020.08.20"]
[Round "2"]
[White "Tsay, Vincent"]
[Black "Paul, Justin"]
[Result "0-1"]
[WhiteElo "2310"]
[BlackElo "2231"]
[PlyCount "80"]
[EventDate "2020.08.19"]
[EventType "tourn"]
[EventRounds "9"]
[EventCountry "USA"]
[EventCategory "4"]
[SourceTitle "CBM 197 Extra"]
[Source "ChessBase"]
[SourceDate "2020.09.30"]
[SourceVersion "1"]
[SourceVersionDate "2020.09.30"]
[SourceQuality "1"]

1. d4 Nf6 2. Nf3 g6 3. g3 Bg7 4. Bg2 0-0 5. 0-0 d6 6. b3 c6 7. Bb2 a5 8. c4 a4 9. Nc3 a3 10. Bc1 e5 11. h3 e4 12. Ne1 Re8 13. e3 b5 14. cxb5 d5 15. b4 cxb5 16. Qb3 Bf8 17. Nc2 Nc6 18. Bxa3 Be6 19. Rfb1 Qd7 20. h4 Ne7 21. Bc1 Bh3 22. Bd2 Rec8 23. Ne1 Qf5 24. Qd1 Ra3 25. Rb3 Rxb3 26. axb3 Nc6 27. Qe2 Bxg2 28. Kxg2 Nxb4 29. Qxb5 Ng4 30. Qe2 Rc6 31. Ra8 Rf6 32. Nd1 Nd3 33. Nxd3 exd3 34. Qe1 Qf3+ 35. Kh3 Kg7 36. Re8 Qxd1 37. Qxd1 Nxf2+ 38. Kg2 Nxd1 39. Be1 d2 40. Bxd2 Rf2+ 0-1